[Event "Bayern-chI Bank Hofmann 14th"]
[Site "Bad Wiessee"]
[Date "2010.10.30"]
[Round "1"]
[White "Lucas, Olav"]
[Black "Brodsky, Michail"]
[Result "0-1"]
[WhiteElo "2006"]
[BlackElo "2549"]
[PlyCount "60"]
[EventDate "2010.10.30"]
[EventType "swiss"]
[EventRounds "9"]
[EventCountry "GER"]
[SourceTitle "EXT 2011"]
[Source "ChessBase"]
[SourceDate "2010.11.26"]
[SourceVersion "1"]
[SourceVersionDate "2010.11.26"]
[SourceQuality "1"]

1. e4 c5 2. Nc3 a6 3. g3 b5 4. Bg2 Bb7 5. d4 cxd4 6. Qxd4 Nc6 7. Qd1 e6 8. Be3 d6 9. Nf3 Nf6 10. Qe2 Be7 11. Rd1 Qa5 12. Nd2 Qc7 13. 0-0 0-0 14. h3 Nd7 15. f4 Bf6 16. e5 dxe5 17. Nde4 Be7 18. fxe5 Ndxe5 19. Bf4 Rad8 20. Rxd8 Qxd8 21. Rd1 Qb6+ 22. Be3 Qc7 23. Bf4 Rd8 24. Rf1 b4 25. Na4 Nd4 26. Qh5 f5 27. Ng5 Bxg5 28. Qxg5 Ne2+ 29. Kh2 Nxf4 30. Qxf4 Bxg2 0-1

[Event "Bad Woerishofen op 26th"]
[Site "Bad Woerishofen"]
[Date "2010.03.10"]
[Round "5"]
[White "Pluemer, Detlef"]
[Black "Lucas, Olav"]
[Result "1-0"]
[WhiteElo "2183"]
[BlackElo "2024"]
[PlyCount "55"]
[EventDate "2010.03.06"]
[EventType "swiss"]
[EventRounds "9"]
[EventCountry "GER"]
[SourceTitle "CBM 135 Extra"]
[Source "ChessBase"]
[SourceDate "2010.05.04"]
[SourceVersion "1"]
[SourceVersionDate "2010.05.04"]
[SourceQuality "1"]

1. d4 Nf6 2. Bg5 e6 3. Nd2 h6 4. Bh4 c5 5. e3 cxd4 6. exd4 d5 7. c3 Be7 8. Bd3 Nc6 9. Ngf3 0-0 10. 0-0 Nd7 11. Bxe7 Qxe7 12. Re1 Qd6 13. Qe2 Re8 14. Ne5 Nf8 15. Qh5 Nxe5 16. dxe5 Qe7 17. Re3 Qg5 18. Qe2 Ng6 19. Nf3 Qe7 20. Qd2 Nf4 21. Bf1 Bd7 22. Qd4 g5 23. h4 Kg7 24. hxg5 hxg5 25. Nxg5 Qxg5 26. Rg3 Qxg3 27. fxg3 Ng6 28. Bd3 1-0

[Event "Bayern-chI Bank Hofmann 11th"]
[Site "Bad Wiessee"]
[Date "2007.11.10"]
[Round "1"]
[White "Jaracz, Pawel"]
[Black "Lucas, Olav"]
[Result "1-0"]
[WhiteElo "2518"]
[BlackElo "2029"]
[PlyCount "71"]
[EventDate "2007.11.10"]
[EventType "swiss"]
[EventRounds "9"]
[EventCountry "GER"]
[SourceTitle "CBM 121 Extra"]
[Source "ChessBase"]
[SourceDate "2008.01.10"]
[SourceVersion "1"]
[SourceVersionDate "2008.01.10"]
[SourceQuality "1"]

1. d4 f5 2. g3 Nf6 3. Bg2 g6 4. c4 Bg7 5. Nc3 d6 6. d5 a5 7. Nh3 0-0 8. 0-0 Nbd7 9. Qc2 e5 10. dxe6 Ne5 11. b3 Nc6 12. Nf4 Nb4 13. Qd2 g5 14. Nfd5 Bxe6 15. Bb2 c6 16. Nxf6+ Bxf6 17. Rad1 Be7 18. e3 Qe8 19. Ba1 Qg6 20. Ne2 Rae8 21. a3 Na6 22. Qxa5 f4 23. exf4 gxf4 24. Nd4 Bc8 25. Qc3 Bf6 26. Qd2 Be5 27. b4 Nc7 28. Rfe1 Bg4 29. Be4 Qh5 30. f3 fxg3 31. fxg4 gxh2+ 32. Kh1 Qxg4 33. Bg2 Bf4 34. Qd3 Rxe1+ 35. Rxe1 Be5 36. Nf3 1-0

[Event "Haarlem Nova College op 1st"]
[Site "Haarlem"]
[Date "2002.07.07"]
[Round "5"]
[White "Westerweele, Henrik"]
[Black "Lucas, Olav"]
[Result "1-0"]
[WhiteElo "1775"]
[BlackElo "1672"]
[PlyCount "68"]
[EventDate "2002.07.05"]
[EventType "swiss"]
[EventRounds "6"]
[EventCountry "NED"]
[SourceTitle "CBM 089 Extra"]
[Source "ChessBase"]
[SourceDate "2002.09.10"]
[SourceVersion "2"]
[SourceVersionDate "2002.09.10"]
[SourceQuality "1"]

1. e4 d6 2. d4 Nf6 3. Nc3 g6 4. g3 Bg7 5. Bg2 0-0 6. Nge2 c6 7. a4 Na6 8. 0-0 Bg4 9. Be3 Qc8 10. Qd2 Rd8 11. Rab1 Bh3 12. b4 Bxg2 13. Kxg2 Nc7 14. f3 b6 15. Rfd1 Qa6 16. Nf4 Rac8 17. Nd3 Nd7 18. b5 Qb7 19. Nb4 cxb5 20. axb5 Nb8 21. Ra1 a5 22. bxa6 Ncxa6 23. Nxa6 Nxa6 24. Rdb1 Rc4 25. Nd5 b5 26. Nxe7+ Qxe7 27. Rxa6 Rdc8 28. Ra2 Qb7 29. Rb4 f5 30. Rxc4 bxc4 31. exf5 Qb1 32. Ra6 c3 33. Qd3 Re8 34. fxg6 hxg6 1-0